Aspectos jurd̕icos de los contratos atp̕icos. I Factoring. Joint Venture. Tarjetas de crďito. Franquicia y know-how

Detalles Bibliográficos
Autor principal: Chuli ̀Vicent, Eduardo
Otros Autores: Beltrǹ Alandete, Teresa
Formato: Desconocido
Lenguaje:español
Publicado: [Barcelona] : J. M. Bosch, 1999
Edición:[4® ed. rev.]
Materias:
Acceso en línea:Acceso restringido

MARC

LEADER 00000ny a22000003n 4500
005 20110526145433.0
008 080714s1999 sp s 000 0 spa c
020 |a 8476981678 
035 |a 667 
040 |a UMA.RE  |d vLex 
080 |a 347.74(460)(0.034) 
090 |c 634  |d 634 
100 1 |a Chuli ̀Vicent, Eduardo 
245 1 0 |a Aspectos jurd̕icos de los contratos atp̕icos.  |n I  |p Factoring. Joint Venture. Tarjetas de crďito. Franquicia y know-how  |h [Recurso electrn̤ico]  |c Eduardo Chuli ̀Vicent, Teresa Beltrǹ Alandete 
250 |a [4® ed. rev.] 
256 |a Servicio en ln̕ea 
260 |a [Barcelona] :  |b J. M. Bosch,  |c 1999 
506 1 |a Contenido solo disponible en los productos indicados  |d vLex Global  |d vLex Global (Academic Edition, excluding Law Schools)  |d vLex Global (U.S. Academic Edition, Law Schools)  |d vLex Global (U.S. Academic Edition, excluding Law Schools)  |d vLex Global (Academic Edition, Law Schools) 
650 0 7 |2 Tesauro vLex  |a Civil 
650 0 7 |2 Tesauro vLex  |a Contratos 
650 0 7 |2 Tesauro vLex  |a Contratos atp̕icos 
700 1 |a Beltrǹ Alandete, Teresa 
740 0 |a vLex Libros (Servicios en ln̕ea) 
856 4 0 |z Acceso restringido  |u http://vlex.com/source/contratos-atipicos-aspectos-juridicos-667 
942 |c BOOK 
999 0 |a Civil Law   |b Barcelona